The Housing Design Handbook : A guide to good practice /
Salvato in:
| Autori principali: | , |
|---|---|
| Natura: | Libro |
| Lingua: | inglese |
| Pubblicazione: |
Abingdon :
Routledge,
2019
New York : 2019 |
| Edizione: | 2. vydanie |
| Soggetti: | |
| Tags: |
Nessun Tag, puoi essere il primo ad aggiungerne!!
|
MARC
| LEADER | 00000nam a22000003a 4500 | ||
|---|---|---|---|
| 001 | 0090215 | ||
| 003 | SK-STU | ||
| 005 | 20210909132801.7 | ||
| 007 | ta | ||
| 008 | 210909s ----xo-----e------000-0-----d | ||
| 020 | |a 978-1-138-56895-2 | ||
| 040 | |a STU |b slo | ||
| 041 | 0 | |a eng | |
| 044 | |a xxk |a xxu | ||
| 100 | 1 | |a Levitt, David |4 aut | |
| 245 | 1 | 0 | |a The Housing Design Handbook : |b A guide to good practice / |c aut. David Levitt, Jo McCafferty |
| 250 | |a 2. vydanie | ||
| 260 | |a Abingdon : |b Routledge, |c 2019 | ||
| 260 | |a New York : |b Routledge, |c 2019 | ||
| 300 | |a 354 s. | ||
| 650 | 0 | 7 | |a obytné budovy |
| 650 | 0 | 7 | |a typológia budov |
| 650 | 0 | 7 | |a bezpečnosť |
| 650 | 0 | 7 | |a stavebné konštrukcie |
| 650 | 0 | 7 | |a komunitné bývanie |
| 650 | 0 | 7 | |a parkovanie |
| 650 | 0 | 7 | |a udržateľnosť v architektúre |
| 650 | 0 | 7 | |a co-design |
| 700 | 1 | |a McCafferty, Jo |4 aut | |
| 996 | |b 284AU08995 |c A* 12275/U |l AAKNST |s P |a 0 |w 0090215_0001 | ||
| 996 | |b 284AU08996 |c A* 12276/U |l AAKNAR |s A |a 24 |w 0090215_0002 | ||